000
00203nam a22000857a 4500
008
170624b xxu||||| |||| 00| 0 eng d
100
_9
3652
_a
CBSE
245
_a
Sample Question paper -XII
260
_b
CBSE
_c
2008
999
_c
7050
_d
7050